日本の一般バスターミナル - Statistics

General Stats
  • This quiz has been taken 70 times
  • The average score is 4 of 25
Answer Stats
運輸局 都道府県 ターミナル名 % Correct
九州 福岡県 博多バスターミナル
46%
中部 愛知県 名鉄バスセンター
41%
中国 広島県 広島バスセンター
31%
北海道 北海道 札幌駅バスターミナル
26%
沖縄 沖縄県 那覇バスターミナル
23%
関東 神奈川県 横浜シティ・エア・ターミナル
20%
関東 東京都 東京シティエアターミナル
18%
中部 愛知県 栄バスターミナル
18%
九州 熊本県 熊本桜町バスターミナル
18%
関東 群馬県 草津温泉バスターミナル
15%
北海道 北海道 新札幌バスターミナル
13%
北海道 北海道 福住バスターミナル
13%
中部 静岡県 新静岡バスターミナル
13%
北海道 北海道 大谷地バスターミナル
10%
北海道 北海道 宮の沢バスターミナル
10%
中部 愛知県 名古屋駅バスターミナル
10%
九州 大分県 別府交通センター
5%
九州 福岡県 HEARTSバスステーション博多
5%
関東 埼玉県 さいたま新都バスターミナル
3%
関東 東京都 サンシャインバスターミナル
3%
関東 東京都 大崎駅西口バスターミナル
3%
近畿 大阪府 湊町バスターミナル
3%
中国 山口県 秋芳洞観光センター
3%
九州 福岡県 藤崎バス乗継ターミナル
3%
関東 東京都 羽田エアポートガーデンバスターミナル
2%
No matching quizzes found
Score Distribution
Percent of People with Each Score
Percentile by Number Answered
Your Score History
You have not taken this quiz